[Event "Festival de Calviá 2016 - Aficionados"]
[Site "Calvia ESP"]
[Date "2016.10.12"]
[Round "5.15"]
[White "Bertz, Uwe"]
[Black "Galiana Salom, Juan Ramon"]
[Result "0-1"]
[WhiteElo "1996"]
[BlackElo "2262"]
[PlyCount "60"]
[EventDate "2016.10.08"]
[EventType "swiss"]
[EventRounds "9"]
[EventCountry "ESP"]
[SourceTitle "Ajedrez en Madrid"]
[Source "lmi"]
[SourceDate "2016.10.08"]

1. e4 e6 2. Nc3 d5 3. d4 Nf6 4. exd5 exd5 5. Bd3 Nc6 6. Nge2 Be7 7. O-O a6 8.
h3 O-O 9. Be3 Nb4 10. Nf4 Nxd3 11. Nxd3 Bf5 12. g4 Bxd3 13. cxd3 c6 14. f4 Re8
15. Qf3 Nd7 16. g5 f5 17. Rfe1 Nf8 18. Rac1 Ne6 19. b3 Bd6 20. Re2 Qa5 21. Qf2
Kf7 22. Kh1 Nf8 23. Rec2 Re6 24. Bd2 Rae8 25. Kg1 Qd8 26. Kf1 Qe7 27. Rd1 Bb4
28. Re1 Rxe1+ 29. Bxe1 Qe3 30. Qxe3 Rxe3 0-1

[Event "Festival de Calviá 2016 - Aficionados"]
[Site "Calvia ESP"]
[Date "2016.10.12"]
[Round "5.20"]
[White "Ponce Cano, Adrian"]
[Black "Carranza Pons, Ricardo Nelson"]
[Result "1-0"]
[WhiteElo "2121"]
[BlackElo "1737"]
[PlyCount "49"]
[EventDate "2016.10.08"]
[EventType "swiss"]
[EventRounds "9"]
[EventCountry "ESP"]
[SourceTitle "Ajedrez en Madrid"]
[Source "lmi"]
[SourceDate "2016.10.08"]

1. e4 e5 2. f4 Bc5 3. Nf3 d6 4. c3 Bg4 5. Bc4 Bxf3 6. Qxf3 Qf6 7. Rf1 Nd7 8.
Qe2 Qe7 9. d3 f6 10. f5 O-O-O 11. a4 a5 12. Bd2 Nb6 13. Be6+ Kb8 14. b4 axb4
15. cxb4 Bd4 16. Ra2 Qe8 17. b5 Na8 18. Na3 Ne7 19. a5 d5 20. a6 b6 21. exd5
Rd6 22. Bb4 Rxe6 23. dxe6 Nd5 24. Qe4 Qd8 25. Be7 1-0

[Event "Festival de Calviá 2016 - Aficionados"]
[Site "Calvia ESP"]
[Date "2016.10.12"]
[Round "5.21"]
[White "Queirolo Perez, Manuel"]
[Black "Gaya Torrens, Miguel"]
[Result "1-0"]
[WhiteElo "2084"]
[BlackElo "1689"]
[PlyCount "41"]
[EventDate "2016.10.08"]
[EventType "swiss"]
[EventRounds "9"]
[EventCountry "ESP"]
[SourceTitle "Ajedrez en Madrid"]
[Source "lmi"]
[SourceDate "2016.10.08"]

1. e4 c5 2. Nf3 e6 3. d4 cxd4 4. Nxd4 a6 5. Nc3 Qc7 6. Bd3 Nf6 7. O-O Nc6 8.
Nxc6 bxc6 9. Be3 Be7 10. f4 O-O 11. e5 Nd5 12. Nxd5 cxd5 13. Rf3 g6 14. Qe2 Bb7
15. Rg3 Kh8 16. Rf1 f5 17. exf6 Bxf6 18. Rh3 Rg8 19. Rxh7+ Kxh7 20. Qh5+ Kg7
21. Qxg6+ 1-0

[Event "Festival de Calviá 2016 - Aficionados"]
[Site "Calvia ESP"]
[Date "2016.10.12"]
[Round "5.25"]
[White "Aditya, S Hariharan"]
[Black "Hajenius, Willem"]
[Result "1/2-1/2"]
[WhiteElo "1641"]
[BlackElo "2002"]
[PlyCount "43"]
[EventDate "2016.10.08"]
[EventType "swiss"]
[EventRounds "9"]
[EventCountry "ESP"]
[SourceTitle "Ajedrez en Madrid"]
[Source "lmi"]
[SourceDate "2016.10.08"]

1. d4 Nf6 2. c4 g6 3. Nc3 Bg7 4. e4 d6 5. Nf3 O-O 6. Be2 Nbd7 7. O-O e5 8. d5
Nc5 9. Qc2 a5 10. Be3 Ng4 11. Bxc5 dxc5 12. Rfd1 f5 13. d6 cxd6 14. Nb5 Ra6 15.
Qd3 fxe4 16. Qxe4 Nf6 17. Qh4 Qe7 18. Nc3 e4 19. Ng5 h6 20. Ngxe4 g5 21. Nxf6+
Qxf6 22. Qg3 1/2-1/2

[Event "Festival de Calviá 2016 - Aficionados"]
[Site "Calvia ESP"]
[Date "2016.10.12"]
[Round "5.26"]
[White "Cerdo Fernandez, Miguel"]
[Black "Yohan, J."]
[Result "1-0"]
[WhiteElo "1880"]
[BlackElo "2182"]
[PlyCount "67"]
[EventDate "2016.10.08"]
[EventType "swiss"]
[EventRounds "9"]
[EventCountry "ESP"]
[SourceTitle "Ajedrez en Madrid"]
[Source "lmi"]
[SourceDate "2016.10.08"]

1. e4 c5 2. Nf3 g6 3. d4 cxd4 4. Nxd4 Nc6 5. Be3 Nf6 6. Nc3 Bg7 7. Be2 O-O 8.
O-O d5 9. exd5 Nxd5 10. Nxd5 Qxd5 11. Bf3 Qd7 12. Nxc6 bxc6 13. c3 Rb8 14. Qc2
Qb7 15. Rab1 Bf5 16. Be4 Be6 17. b3 Bd5 18. c4 Be6 19. Rbd1 f5 20. Bf3 f4 21.
Bd4 Bf5 22. Qc3 Bf6 23. Bxf6 Rxf6 24. Rfe1 g5 25. h3 Kf8 26. Re5 Qb4 27. Qxb4
Rxb4 28. Bxc6 Rb6 29. Bd7 Bg6 30. c5 Ra6 31. c6 Raxc6 32. Bxc6 Rxc6 33. Rxg5
Kf7 34. Ra5 1-0

[Event "Festival de Calviá 2016 - Aficionados"]
[Site "Calvia ESP"]
[Date "2016.10.12"]
[Round "5.27"]
[White "Bricard, Herve"]
[Black "Holliman, Bob"]
[Result "1/2-1/2"]
[WhiteElo "2031"]
[BlackElo "1877"]
[PlyCount "54"]
[EventDate "2016.10.08"]
[EventType "swiss"]
[EventRounds "9"]
[EventCountry "ESP"]
[SourceTitle "Ajedrez en Madrid"]
[Source "lmi"]
[SourceDate "2016.10.08"]

1. e4 e6 2. d4 d5 3. e5 c5 4. c3 Nc6 5. Nf3 Qb6 6. a3 Nh6 7. b4 cxd4 8. cxd4
Nf5 9. Be3 Bd7 10. Be2 Be7 11. Nc3 O-O 12. O-O f6 13. Na4 Qd8 14. b5 Na5 15.
Nb2 Qb6 16. Na4 Qd8 17. Bd3 Rc8 18. exf6 Bxf6 19. Nc5 b6 20. Nxd7 Qxd7 21. g4
Nxe3 22. fxe3 g6 23. g5 Bg7 24. Ra2 Nc4 25. Bxc4 Rxc4 26. a4 Rf5 27. h4 Qc7
1/2-1/2

[Event "Festival de Calviá 2016 - Aficionados"]
[Site "Calvia ESP"]
[Date "2016.10.12"]
[Round "5.28"]
[White "Kamm, Guenter"]
[Black "Harlinska, Sandra"]
[Result "0-1"]
[WhiteElo "2009"]
[BlackElo "1861"]
[PlyCount "38"]
[EventDate "2016.10.08"]
[EventType "swiss"]
[EventRounds "9"]
[EventCountry "ESP"]
[SourceTitle "Ajedrez en Madrid"]
[Source "lmi"]
[SourceDate "2016.10.08"]

1. e4 c6 2. d4 d5 3. Nd2 dxe4 4. Nxe4 Bf5 5. Ng3 Bg6 6. Nf3 Nd7 7. h4 h6 8. h5
Bh7 9. Bd3 Bxd3 10. Qxd3 e6 11. Bd2 Ngf6 12. O-O-O Qc7 13. Kb1 Bd6 14. Rh4
O-O-O 15. c4 Rhe8 16. c5 Nxc5 17. dxc5 Bxg3 18. Qa3 Bxh4 19. Nxh4 Ne4 0-1

[Event "Festival de Calviá 2016 - Aficionados"]
[Site "Calvia ESP"]
[Date "2016.10.12"]
[Round "5.29"]
[White "Drillat, Michel"]
[Black "Navarrete Terrasa, Sebastian"]
[Result "1/2-1/2"]
[WhiteElo "1862"]
[BlackElo "2009"]
[PlyCount "65"]
[EventDate "2016.10.08"]
[EventType "swiss"]
[EventRounds "9"]
[EventCountry "ESP"]
[SourceTitle "Ajedrez en Madrid"]
[Source "lmi"]
[SourceDate "2016.10.08"]

1. d4 Nf6 2. c4 g6 3. Nc3 d5 4. Nf3 Bg7 5. Qb3 dxc4 6. Qxc4 O-O 7. e4 a6 8. Be2
b5 9. Qb3 Bb7 10. e5 Ne4 11. Be3 e6 12. O-O Nd7 13. Rfd1 Nb6 14. Rac1 Qd7 15.
Qc2 Nxc3 16. bxc3 Bd5 17. Nd2 Qc6 18. f3 Nc4 19. Nxc4 bxc4 20. Rb1 Rfb8 21.
Rxb8+ Rxb8 22. Rb1 Rb6 23. Rb2 Bf8 24. Bc1 Qb7 25. Qb1 h5 26. Bd1 Kh7 27. Bc2
Bh6 28. Rxb6 cxb6 29. Bxh6 Kxh6 30. Qc1+ Kg7 31. Qg5 b5 32. Qf6+ Kg8 33. Qd8+
1/2-1/2

[Event "Festival de Calviá 2016 - Aficionados"]
[Site "Calvia ESP"]
[Date "2016.10.12"]
[Round "5.31"]
[White "Frey, Armin"]
[Black "Schweighofer, Josef"]
[Result "1-0"]
[WhiteElo "2002"]
[BlackElo "1820"]
[PlyCount "71"]
[EventDate "2016.10.08"]
[EventType "swiss"]
[EventRounds "9"]
[EventCountry "ESP"]
[SourceTitle "Ajedrez en Madrid"]
[Source "lmi"]
[SourceDate "2016.10.08"]

1. f4 g6 2. e4 c5 3. Nf3 Bg7 4. Bc4 Nc6 5. c3 e6 6. O-O d5 7. Bd3 c4 8. Bc2
dxe4 9. Bxe4 Qb6+ 10. Kh1 Nf6 11. Bxc6+ Qxc6 12. Na3 b5 13. Nd4 Qc5 14. Naxb5
Ne4 15. d3 cxd3 16. Qxd3 Bb7 17. Be3 Qe7 18. Rae1 a6 19. Na3 O-O 20. Bg1 f5 21.
Nac2 Rfd8 22. Qh3 Rac8 23. Nf3 h6 24. Ncd4 g5 25. fxg5 hxg5 26. Qh5 g4 27. Nh4
Nf6 28. Qxf5 Rd6 29. Rxe6 Rxe6 30. Qxe6+ Qxe6 31. Nxe6 Re8 32. Nxg7 Kxg7 33.
Bd4 Re6 34. Rxf6 Rxf6 35. Bxf6+ Kxf6 36. Kg1 1-0

[Event "Festival de Calviá 2016 - Aficionados"]
[Site "Calvia ESP"]
[Date "2016.10.12"]
[Round "5.39"]
[White "Andreu Lopez, Santiago"]
[Black "Slovak, Pavel"]
[Result "0-1"]
[WhiteElo "1827"]
[BlackElo "2062"]
[PlyCount "56"]
[EventDate "2016.10.08"]
[EventType "swiss"]
[EventRounds "9"]
[EventCountry "ESP"]
[SourceTitle "Ajedrez en Madrid"]
[Source "lmi"]
[SourceDate "2016.10.08"]

1. e4 c5 2. Nf3 e6 3. d4 cxd4 4. Nxd4 a6 5. Bd3 Qc7 6. O-O Nf6 7. Kh1 Bc5 8.
Nb3 Ba7 9. Bg5 h5 10. Bxf6 gxf6 11. f4 h4 12. h3 Nc6 13. Nc3 Ne7 14. a4 d6 15.
Qf3 Bd7 16. e5 f5 17. exd6 Qxd6 18. Rad1 Qc7 19. Rd2 O-O-O 20. Rfd1 Bc6 21. Qe2
Qxf4 22. Bxa6 Bb8 23. Rxd8+ Rxd8 24. Rxd8+ Kxd8 25. Qd2+ Qxd2 26. Nxd2 bxa6 27.
b4 Be5 28. Ndb1 Nd5 0-1

[Event "Festival de Calviá 2016 - Aficionados"]
[Site "Calvia ESP"]
[Date "2016.10.12"]
[Round "5.41"]
[White "Gaitan Moyano, Juan"]
[Black "Taborda Cembalo, Luciano"]
[Result "1-0"]
[WhiteElo "2017"]
[BlackElo "1603"]
[PlyCount "47"]
[EventDate "2016.10.08"]
[EventType "swiss"]
[EventRounds "9"]
[EventCountry "ESP"]
[SourceTitle "Ajedrez en Madrid"]
[Source "lmi"]
[SourceDate "2016.10.08"]

1. e4 e5 2. Nf3 Nc6 3. Bb5 a6 4. Ba4 Nf6 5. d3 b5 6. Bb3 Be7 7. O-O d6 8. c3
Na5 9. Bc2 c5 10. a4 Bb7 11. Re1 O-O 12. Nbd2 Re8 13. Nf1 Nc6 14. Ng3 g6 15.
Bg5 Bf8 16. Qd2 Bg7 17. Bb3 Na5 18. Bc2 Nc6 19. Bh6 d5 20. Bxg7 Kxg7 21. Qg5 h6
22. Nf5+ Kg8 23. Nxh6+ Kh7 24. Nxf7 1-0

[Event "Festival de Calviá 2016 - Aficionados"]
[Site "Calvia ESP"]
[Date "2016.10.12"]
[Round "5.50"]
[White "Ferrer Mygina, Juan"]
[Black "Orsario, Wolfgang"]
[Result "0-1"]
[WhiteElo "1582"]
[BlackElo "1739"]
[PlyCount "52"]
[EventDate "2016.10.08"]
[EventType "swiss"]
[EventRounds "9"]
[EventCountry "ESP"]
[SourceTitle "Ajedrez en Madrid"]
[Source "lmi"]
[SourceDate "2016.10.08"]

1. e4 e6 2. d3 d5 3. Nd2 c5 4. Ngf3 Be7 5. g3 Nc6 6. Bg2 Nf6 7. O-O O-O 8. e5
Nd7 9. Re1 Qc7 10. Qe2 f6 11. exf6 Rxf6 12. Nf1 h6 13. h4 Bd6 14. g4 Nde5 15.
g5 Nxf3+ 16. Bxf3 Nd4 17. gxf6 Nxe2+ 18. Rxe2 Qf7 19. fxg7 Qxf3 20. Re3 Qg4+
21. Ng3 e5 22. Bd2 Be6 23. Rae1 Kxg7 24. c4 Rf8 25. Bc3 d4 26. Re4 Qf3 0-1

[Event "Festival de Calviá 2016 - Aficionados"]
[Site "Calvia ESP"]
[Date "2016.10.12"]
[Round "5.51"]
[White "Torres Mari, Juan"]
[Black "Koch-Muller, Victor"]
[Result "1-0"]
[WhiteElo "1693"]
[BlackElo "1547"]
[PlyCount "41"]
[EventDate "2016.10.08"]
[EventType "swiss"]
[EventRounds "9"]
[EventCountry "ESP"]
[SourceTitle "Ajedrez en Madrid"]
[Source "lmi"]
[SourceDate "2016.10.08"]

1. d4 Nf6 2. c4 c5 3. e3 b6 4. Nc3 Bb7 5. Nf3 g6 6. d5 d6 7. Bd3 Bg7 8. O-O O-O
9. e4 Nbd7 10. Bf4 Qc7 11. Re1 Rfe8 12. h3 e6 13. Nb5 Qd8 14. Nxd6 Re7 15. Nxb7
Qc8 16. Nd6 Qc7 17. e5 Nh5 18. Nb5 Qb8 19. Bg5 Re8 20. d6 Bf8 21. Nc7 1-0

[Event "Festival de Calviá 2016 - Aficionados"]
[Site "Calvia ESP"]
[Date "2016.10.12"]
[Round "5.52"]
[White "Hardwick, A William"]
[Black "Mackay, Ian W"]
[Result "0-1"]
[WhiteElo "1546"]
[BlackElo "1667"]
[PlyCount "92"]
[EventDate "2016.10.08"]
[EventType "swiss"]
[EventRounds "9"]
[EventCountry "ESP"]
[SourceTitle "Ajedrez en Madrid"]
[Source "lmi"]
[SourceDate "2016.10.08"]

1. d4 Nf6 2. Nf3 e6 3. Bf4 d5 4. e3 c5 5. c3 Bd6 6. Ne5 Nc6 7. Nd2 Qc7 8. Bb5
O-O 9. dxc5 Bxe5 10. Bxc6 bxc6 11. Bxe5 Qxe5 12. Nf3 Qc7 13. O-O Ne4 14. Qc2
Nxc5 15. Rad1 Ne4 16. h3 Ba6 17. Rfe1 Rab8 18. b3 Nf6 19. Rd4 e5 20. Rh4 e4 21.
Nd4 c5 22. Nf5 Qe5 23. Ng3 g5 24. Rh6 Kg7 25. f4 gxf4 26. exf4 Qxf4 27. Rxf6
Qxg3 28. Rf2 Bd3 29. Qd1 Rbe8 30. Rf5 Re5 31. Rxe5 Qxe5 32. Qxd3 exd3 33. Rxe5
Rd8 34. Re1 c4 35. b4 a5 36. a3 axb4 37. axb4 Ra8 38. Rc1 Kf6 39. Kf2 Ke5 40.
Ke3 f5 41. g3 Rg8 42. Kf3 d4 43. cxd4+ Kxd4 44. Kf4 c3 45. Kf3 d2 46. Rd1 Kd3
0-1

[Event "Festival de Calviá 2016 - Aficionados"]
[Site "Calvia ESP"]
[Date "2016.10.12"]
[Round "5.57"]
[White "Baldo Company, Jordi"]
[Black "Mitenieks, Matiss"]
[Result "1-0"]
[WhiteElo "1708"]
[BlackElo "1934"]
[PlyCount "35"]
[EventDate "2016.10.08"]
[EventType "swiss"]
[EventRounds "9"]
[EventCountry "ESP"]
[SourceTitle "Ajedrez en Madrid"]
[Source "lmi"]
[SourceDate "2016.10.08"]

1. e4 c5 2. Nf3 Nf6 3. Nc3 d6 4. d4 cxd4 5. Nxd4 a6 6. Bg5 e5 7. Nb3 Be7 8. Qd2
Be6 9. O-O-O Nbd7 10. f4 b5 11. fxe5 dxe5 12. Bxf6 Bxf6 13. Kb1 O-O 14. Qd6 Be7
15. Qd2 Bb4 16. Qe3 Bxc3 17. Qxc3 Qc7 18. Qxc7 1-0

[Event "Festival de Calviá 2016 - Aficionados"]
[Site "Calvia ESP"]
[Date "2016.10.13"]
[Round "6.1"]
[White "Voiteanu, Gabriel"]
[Black "Ustianovich, Nazar"]
[Result "0-1"]
[WhiteElo "2207"]
[BlackElo "2316"]
[PlyCount "68"]
[EventDate "2016.10.08"]
[EventType "swiss"]
[EventRounds "9"]
[EventCountry "ESP"]
[SourceTitle "Ajedrez en Madrid"]
[Source "lmi"]
[SourceDate "2016.10.08"]

1. d4 d5 2. c4 c6 3. Nf3 Nf6 4. e3 Bf5 5. Be2 e6 6. O-O Nbd7 7. b3 h6 8. Bb2
Be7 9. Ne5 Nxe5 10. dxe5 Nd7 11. cxd5 cxd5 12. Nc3 a6 13. Qd4 Qb6 14. Qf4 Bg6
15. e4 Bg5 16. Qg3 dxe4 17. h4 Be7 18. h5 Bf5 19. Qxg7 O-O-O 20. Qxf7 Rh7 21.
Nd5 Rxf7 22. Nxb6+ Nxb6 23. Rac1+ Kb8 24. Rfd1 Rff8 25. Bd4 Nd5 26. Bc4 Nb4 27.
Be3 Nxa2 28. Ra1 Nb4 29. Bxh6 Rxd1+ 30. Rxd1 Rh8 31. Rd7 Nc6 32. Bg7 Rxh5 33.
Bf6 Rh7 34. Bxe7 Rxe7 0-1

[Event "Festival de Calviá 2016 - Aficionados"]
[Site "Calvia ESP"]
[Date "2016.10.13"]
[Round "6.2"]
[White "Viskelis, Darius"]
[Black "Kolotilina, Liudmila"]
[Result "0-1"]
[WhiteElo "2305"]
[BlackElo "2143"]
[PlyCount "86"]
[EventDate "2016.10.08"]
[EventType "swiss"]
[EventRounds "9"]
[EventCountry "ESP"]
[SourceTitle "Ajedrez en Madrid"]
[Source "lmi"]
[SourceDate "2016.10.08"]

1. e4 c5 2. Nf3 Nc6 3. Bb5 d6 4. O-O Bd7 5. c3 Nf6 6. Re1 a6 7. Bf1 Bg4 8. h3
Bxf3 9. Qxf3 g6 10. b3 Bg7 11. Bb2 O-O 12. d4 cxd4 13. cxd4 d5 14. e5 Ne4 15.
Bd3 Ng5 16. Qg4 Ne6 17. Nd2 Nb4 18. Qg3 Bh6 19. Nf1 Qb6 20. a3 Nxd3 21. Qxd3
Rac8 22. Ne3 Bxe3 23. Rxe3 Rc6 24. a4 Rfc8 25. Ba3 Nxd4 26. a5 Qa7 27. e6 fxe6
28. Bb2 Nf5 29. Rae1 Nxe3 30. Bd4 Qxd4 31. Qxd4 Nc2 32. Qd2 Nxe1 33. h4 Nc2 34.
h5 Rf8 35. g4 d4 36. Qg5 Ne1 37. Qxe7 Nf3+ 38. Kg2 gxh5 39. gxh5 e5 40. Qxb7
Rcf6 41. b4 d3 42. Kf1 Kh8 43. b5 Rg8 0-1

[Event "Festival de Calviá 2016 - Aficionados"]
[Site "Calvia ESP"]
[Date "2016.10.13"]
[Round "6.3"]
[White "Lacrosse, Marc"]
[Black "Cip, Dalibor"]
[Result "1/2-1/2"]
[WhiteElo "2247"]
[BlackElo "2141"]
[PlyCount "92"]
[EventDate "2016.10.08"]
[EventType "swiss"]
[EventRounds "9"]
[EventCountry "ESP"]
[SourceTitle "Ajedrez en Madrid"]
[Source "lmi"]
[SourceDate "2016.10.08"]

1. d4 Nf6 2. c4 e6 3. Nf3 Bb4+ 4. Bd2 Qe7 5. g3 Nc6 6. Nc3 Bxc3 7. Bxc3 Ne4 8.
Rc1 Nxc3 9. Rxc3 d6 10. Bg2 O-O 11. O-O e5 12. d5 Nb8 13. b4 a5 14. a3 Na6 15.
Qb3 Bd7 16. Rfc1 axb4 17. axb4 c5 18. bxc5 Nxc5 19. Qd1 Ra5 20. Ra1 Rfa8 21.
Rxa5 Rxa5 22. Rc1 Qd8 23. Nd2 f5 24. e4 Ra2 25. Ra1 Qa5 26. Rxa2 Qxa2 27. exf5
Bxf5 28. Bf1 Qb2 29. Qe1 Qd4 30. Qe3 Qxe3 31. fxe3 Kf7 32. Kf2 Ke7 33. Kf3 Kd8
34. e4 Bd7 35. Ke3 Bg4 36. Bd3 Kc7 37. Nb1 Nb3 38. Nd2 Nd4 39. c5 dxc5 40. Nc4
b5 41. Nxe5 Bd1 42. Bf1 Kd6 43. Nf7+ Ke7 44. Ne5 Kd6 45. Nf7+ Ke7 46. Ne5 Kd6
1/2-1/2

[Event "Festival de Calviá 2016 - Aficionados"]
[Site "Calvia ESP"]
[Date "2016.10.13"]
[Round "6.4"]
[White "Spence, David J"]
[Black "Bebchuk, Boris"]
[Result "0-1"]
[WhiteElo "2192"]
[BlackElo "2125"]
[PlyCount "96"]
[EventDate "2016.10.08"]
[EventType "swiss"]
[EventRounds "9"]
[EventCountry "ESP"]
[SourceTitle "Ajedrez en Madrid"]
[Source "lmi"]
[SourceDate "2016.10.08"]

1. e4 c5 2. c3 Nf6 3. e5 Nd5 4. d4 cxd4 5. cxd4 d6 6. Nf3 Nc6 7. Bc4 Nb6 8. Bb3
dxe5 9. d5 Na5 10. Nc3 f6 11. O-O g6 12. Be3 Bg7 13. Nd2 f5 14. Bxb6 Qxb6 15.
Ba4+ Kf7 16. Rb1 e4 17. Ncxe4 fxe4 18. b4 Qd4 19. bxa5 Bh6 20. Nxe4 Qxe4 21.
Re1 Qg4 22. Qxg4 Bxg4 23. Rxb7 Bg5 24. h3 Bc8 25. Rc7 Rd8 26. Bc6 Rb8 27. Rxa7
Bf5 28. Rc7 Bd3 29. Bb7 Rd6 30. Re6 Rxb7 31. Rxb7 Rxd5 32. Re1 Rxa5 33. Rb3 Bc4
34. Rf3+ Bf6 35. a3 Bd5 36. Rd3 e6 37. Rc1 Be5 38. Re1 Kf6 39. Rde3 Bd6 40. Ra1
Ra4 41. Rb1 Bc5 42. Rc3 Bd4 43. Rg3 Be5 44. Re3 h5 45. Kf1 g5 46. Kg1 g4 47.
hxg4 Rxg4 48. g3 Bd4 0-1

[Event "Festival de Calviá 2016 - Aficionados"]
[Site "Calvia ESP"]
[Date "2016.10.13"]
[Round "6.5"]
[White "Schenk Papke, Andres"]
[Black "Ballesteros Gonzalez, David"]
[Result "0-1"]
[WhiteElo "2095"]
[BlackElo "2167"]
[PlyCount "42"]
[EventDate "2016.10.08"]
[EventType "swiss"]
[EventRounds "9"]
[EventCountry "ESP"]
[SourceTitle "Ajedrez en Madrid"]
[Source "lmi"]
[SourceDate "2016.10.08"]

1. d4 Nf6 2. c4 g6 3. Nc3 Bg7 4. e4 d6 5. f3 O-O 6. Be3 e5 7. Nge2 Nc6 8. d5
Na5 9. Nc1 c5 10. Bd3 Nh5 11. g4 Nf4 12. Qd2 Qh4+ 13. Kd1 Qh3 14. Kc2 Nxd3 15.
Kxd3 Qxf3 16. Rg1 Bxg4 17. Nb3 Nxb3 18. axb3 Bh6 19. Nb5 f5 20. Nxd6 fxe4+ 21.
Nxe4 Bf5 0-1

[Event "Festival de Calviá 2016 - Aficionados"]
[Site "Calvia ESP"]
[Date "2016.10.13"]
[Round "6.6"]
[White "Gavrish, Leonid"]
[Black "Bryant, Richard B E"]
[Result "1-0"]
[WhiteElo "2158"]
[BlackElo "1998"]
[PlyCount "51"]
[EventDate "2016.10.08"]
[EventType "swiss"]
[EventRounds "9"]
[EventCountry "ESP"]
[SourceTitle "Ajedrez en Madrid"]
[Source "lmi"]
[SourceDate "2016.10.08"]

1. d4 d5 2. c4 c6 3. cxd5 cxd5 4. Nc3 Nc6 5. e4 e6 6. e5 f5 7. Nf3 a6 8. Bd3
Nge7 9. h4 Bd7 10. Ne2 Qb6 11. a3 h6 12. b4 Na7 13. a4 Qxb4+ 14. Kf1 Qb6 15.
Nf4 Nac6 16. Ba3 Nxd4 17. Kg1 Qa7 18. Bxe7 Bxe7 19. Nxd4 Qxd4 20. Nxe6 Bxe6 21.
Bb5+ axb5 22. Qxd4 bxa4 23. Rb1 a3 24. Qb6 Bc8 25. Qg6+ Kf8 26. e6 1-0

[Event "Festival de Calviá 2016 - Aficionados"]
[Site "Calvia ESP"]
[Date "2016.10.13"]
[Round "6.7"]
[White "Reuker, Jari"]
[Black "Ponce Cano, Adrian"]
[Result "0-1"]
[WhiteElo "2269"]
[BlackElo "2121"]
[PlyCount "86"]
[EventDate "2016.10.08"]
[EventType "swiss"]
[EventRounds "9"]
[EventCountry "ESP"]
[SourceTitle "Ajedrez en Madrid"]
[Source "lmi"]
[SourceDate "2016.10.08"]

1. e4 c5 2. Nf3 d6 3. d4 cxd4 4. Nxd4 Nf6 5. Nc3 a6 6. Bg5 e6 7. f4 h6 8. Bh4
Qb6 9. Qd2 Qxb2 10. Rb1 Qa3 11. e5 dxe5 12. fxe5 Nfd7 13. Be2 Be7 14. Bg3 Bg5
15. Qd3 O-O 16. O-O b5 17. Rb3 Qe7 18. Ne4 Bb7 19. Rc3 b4 20. Nxg5 Qxg5 21. Nf3
Bxf3 22. Bxf3 Nxe5 23. Bxe5 Qxe5 24. Rc4 Ra7 25. Rxb4 Rc7 26. Rfb1 Nd7 27. Qxa6
Rxc2 28. Qa7 Nc5 29. h3 Nd3 30. Rb8 Rcc8 31. Rxc8 Rxc8 32. Qd7 Qe3+ 33. Kh2 Rc2
34. Qe8+ Kh7 35. Qa8 f5 36. Rf1 Nf2 37. Qa4 Qe5+ 38. Kg1 Nxh3+ 39. Kh1 Nf2+ 40.
Kg1 Qc5 41. Qe8 Ng4+ 42. Kh1 Qf2 43. Rxf2 Rc1+ 0-1

[Event "Festival de Calviá 2016 - Aficionados"]
[Site "Calvia ESP"]
[Date "2016.10.13"]
[Round "6.8"]
[White "Galiana Salom, Juan Ramon"]
[Black "Queirolo Perez, Manuel"]
[Result "1-0"]
[WhiteElo "2262"]
[BlackElo "2084"]
[PlyCount "125"]
[EventDate "2016.10.08"]
[EventType "swiss"]
[EventRounds "9"]
[EventCountry "ESP"]
[SourceTitle "Ajedrez en Madrid"]
[Source "lmi"]
[SourceDate "2016.10.08"]

1. e4 e6 2. d4 d5 3. Nd2 c5 4. Ngf3 cxd4 5. exd5 exd5 6. Bb5+ Nc6 7. O-O Bd6 8.
Nb3 Nge7 9. Nbxd4 O-O 10. Bg5 Qb6 11. Ba4 Bg4 12. Bb3 Rad8 13. Qd2 Na5 14. Rae1
Nxb3 15. axb3 Rd7 16. h3 Bh5 17. Bxe7 Rxe7 18. Qg5 Rxe1 19. Rxe1 Bc5 20. Qxh5
Bxd4 21. Nxd4 Qxd4 22. c3 Qd2 23. Qe2 Qh6 24. Rd1 Qc6 25. Qe5 Qg6 26. Qxd5 Qc2
27. Rd2 Qc1+ 28. Kh2 h6 29. Re2 Qf1 30. Qf3 b6 31. b4 g6 32. Re7 Qa1 33. Qe2
Qa4 34. Qe3 Kg7 35. Qd4+ Kg8 36. Qe3 Kg7 37. h4 h5 38. Qe5+ Kg8 39. Qd4 Re8 40.
Rxe8+ Qxe8 41. c4 Qb8+ 42. g3 Qc7 43. c5 Kf8 44. Qd5 Ke7 45. b3 Qd7 46. Qe4+
Kd8 47. c6 Qd2 48. Kg2 a6 49. Qe5 Kc8 50. Kh3 Qd1 51. Kh2 Qd8 52. Qe2 b5 53.
Qe5 f6 54. Qc5 Kc7 55. Kg2 Qa8 56. Qe7+ Kb6 57. Qxf6 Qxc6+ 58. Qxc6+ Kxc6 59.
Kf3 Kb6 60. Ke4 a5 61. bxa5+ Kxa5 62. Kd3 Kb4 63. Kc2 1-0

[Event "Festival de Calviá 2016 - Aficionados"]
[Site "Calvia ESP"]
[Date "2016.10.13"]
[Round "6.10"]
[White "Planas Gene, Juan"]
[Black "Hristodorescu, Daniel"]
[Result "0-1"]
[WhiteElo "2028"]
[BlackElo "2229"]
[PlyCount "84"]
[EventDate "2016.10.08"]
[EventType "swiss"]
[EventRounds "9"]
[EventCountry "ESP"]
[SourceTitle "Ajedrez en Madrid"]
[Source "lmi"]
[SourceDate "2016.10.08"]

1. d4 Nf6 2. c4 c5 3. d5 e5 4. Nc3 d6 5. e4 Be7 6. g3 O-O 7. Bg2 Nbd7 8. Nge2
Ne8 9. O-O g6 10. Be3 Ng7 11. a3 f5 12. exf5 Nxf5 13. Bd2 a6 14. Qc2 Rb8 15.
Nd1 b5 16. b4 Bf6 17. Rb1 bxc4 18. Qxc4 a5 19. Ndc3 axb4 20. axb4 Nb6 21. Qb3
Nd4 22. Qd1 c4 23. Ne4 Bb7 24. Nxf6+ Qxf6 25. Be3 Nxe2+ 26. Qxe2 Nxd5 27. Qxc4
Qf7 28. Bh6 Rfc8 29. Qb3 Nc3 30. Qxf7+ Kxf7 31. Bxb7 Rxb7 32. Rb3 Ke6 33. Kg2
Nb5 34. Be3 Rc2 35. Rfb1 d5 36. Bc5 d4 37. R1b2 Rxb2 38. Rxb2 Kd5 39. f3 Kc4
40. Kf2 Kc3 41. Re2 d3 42. Rxe5 d2 0-1

[Event "Festival de Calviá 2016 - Aficionados"]
[Site "Calvia ESP"]
[Date "2016.10.13"]
[Round "6.11"]
[White "Greiff, Hakan"]
[Black "Martinez Lopez, Jaime"]
[Result "1-0"]
[WhiteElo "2212"]
[BlackElo "2063"]
[PlyCount "65"]
[EventDate "2016.10.08"]
[EventType "swiss"]
[EventRounds "9"]
[EventCountry "ESP"]
[SourceTitle "Ajedrez en Madrid"]
[Source "lmi"]
[SourceDate "2016.10.08"]

1. e4 e6 2. g3 e5 3. Bc4 Nf6 4. Qe2 Be7 5. d4 Nc6 6. Nf3 d6 7. dxe5 dxe5 8. Nc3
Bg4 9. Bb5 O-O 10. Bxc6 bxc6 11. Bg5 Bb4 12. h3 Bxc3+ 13. bxc3 Bxf3 14. Qxf3 h6
15. Bxf6 Qxf6 16. Qxf6 gxf6 17. Ke2 Rab8 18. Rab1 Rb6 19. Rhd1 Rfb8 20. Rb3 c5
21. Rd7 c4 22. Rxb6 Rxb6 23. Rxc7 Ra6 24. Rxc4 Rxa2 25. Rc8+ Kg7 26. Kd2 Kg6
27. c4 f5 28. c5 Kf6 29. Rc6+ Ke7 30. exf5 h5 31. f6+ Kd7 32. Rd6+ Kc7 33. Rd5
1-0